Sports Quiz

Random Sports or Cricket Quiz

Cricket Record Holder - most runs in a test Quiz Stats

 Plays Quiz not verified by Sporcle

Score 0/11 Timer 03:00
0 Plays Today
Runs scored Name % Correct
375BC Lara
98.9%
400*BC Lara
98.9%
380ML Hayden
96.2%
334DG Bradman
93.4%
365*GS Sobers
92.3%
364L Hutton
86.8%
336*WR Hammond
81.3%
325A Sandham
52.7%
165* C Bannerman
37.4%
287RE Foster
35.2%
211 WL Murdoch
19.2%

You're not logged in!

Compare scores with friends on all Sporcle quizzes.
OR
Log In

You Might Also Like...

Show Comments

Extras

Top Quizzes Today


Score Distribution

Your Account Isn't Verified!

In order to create a playlist on Sporcle, you need to verify the email address you used during registration. Go to your Sporcle Settings to finish the process.

Report this User

Report this user for behavior that violates our Community Guidelines.

Details: